| 000 | 01621nam a2200385Ia 4500 | ||
|---|---|---|---|
| 001 | ebr10738082 | ||
| 003 | CaPaEBR | ||
| 006 | m o u | ||
| 007 | cr cn||||||||| | ||
| 008 | 130329s2013 enk sb 001 0 eng d | ||
| 010 | _z 2013011895 | ||
| 020 | _z9781119961888 (cloth) | ||
| 020 | _z9781118454091 | ||
| 040 |
_aCaPaEBR _cCaPaEBR |
||
| 035 | _a(OCoLC)857067467 | ||
| 041 | 1 |
_aeng _hdut |
|
| 050 | 1 | 4 |
_aHM1033 _b.V6413 2013eb |
| 082 | 0 | 4 |
_a302 _223 |
| 100 | 1 |
_aVoestermans, P. _q(Paul), _d1946- |
|
| 240 | 1 | 0 |
_aCultuur & lichaam. _lEnglish |
| 245 | 1 | 0 |
_aCulture as embodiment _h[electronic resource] : _bthe social tuning of behavior / _cPaul Voestermans and Theo Verheggen. |
| 260 |
_aChichester, West Sussex ; _aHoboken, NJ : _bJohn Wiley & Sons Inc., _c2013. |
||
| 300 | _axi, 332 p. | ||
| 500 | _a"Dutch edition published 2007 by Open Universiteit Nederland and Blackwell Publishing Ltd." | ||
| 500 | _aRevised edition of the author's Cultuur & lichaam : een cultuurpsychologisch perspectief op patronen in gedrag. | ||
| 504 | _aIncludes bibliographical references and index. | ||
| 533 |
_aElectronic reproduction. _bPalo Alto, Calif. : _cebrary, _d2013. _nAvailable via World Wide Web. _nAccess may be limited to ebrary affiliated libraries. |
||
| 650 | 0 | _aSocial psychology. | |
| 650 | 0 | _aEthnopsychology. | |
| 650 | 0 | _aCulture and psychology. | |
| 655 | 7 |
_aElectronic books. _2local |
|
| 700 | 1 |
_aVerheggen, Theo, _d1972- |
|
| 710 | 2 | _aebrary, Inc. | |
| 856 | 4 | 0 |
_uhttp://site.ebrary.com/lib/rucke/Doc?id=10738082 _zAn electronic book accessible through the World Wide Web; click to view |
| 999 |
_c36368 _d36368 |
||